| 000 | 00921cam a2200229 a 4500 | ||
|---|---|---|---|
| 001 | 2486644 | ||
| 005 | 20260209044454.0 | ||
| 008 | 910423s1992 nyua b 001 0 eng | ||
| 020 | _a9780195093766 | ||
| 082 | _a343.08 AYR | ||
| 100 | 1 | _aAyres, Ian | |
| 245 | 1 | 0 |
_aResponsive regulation : _btranscending the deregulation debate / _cIan Ayres and John Braithwaite. |
| 260 |
_aNew York : _bOxford University Press, _c1992. |
||
| 300 |
_aviii, 205 p. : _bill. ; _c25 cm. |
||
| 440 | 0 | _aOxford socio-legal studies | |
| 505 | _a1. The Politics of an Idea, 3 2. The Benign Big Gun, 19 3. Tripartism, 54 4. Enforced Self-Regulation, 101 5. Partial-Industry Intervention, 133 6. Delegation and Participation in a Responsive Regulatory order, 158 Notes, 163 References, 183 | ||
| 650 | 0 | _aTrade regulation. | |
| 650 | 0 | _aDeregulation. | |
| 650 | 0 | _aIndustrial policy. | |
| 700 | 1 | _aBraithwaite, John | |
| 942 |
_2ddc _cBK |
||
| 999 |
_c112011 _d112011 |
||